Loading...
| History - Other History | 0 | 6 | 0 | 0 | 60 | 54 | 65.50 | 1 | 5 |
| History - American History | 0 | 6 | 1 | 1 | 55 | 50 | 74.50 | 2 | 6 |
| History - European History | 0 | 5 | 0 | 0 | 50 | 52 | 71.80 | 2 | 5 |
| History - World History | 0 | 5 | 2 | 2 | 40 | 32 | 84.00 | 2 | 3 |
| Geography/Current Events | 0 | 4 | 1 | 1 | 35 | 42 | 79.50 | 1 | 3 |
| Social Science | 0 | 4 | 1 | 0 | 35 | 50 | 72.50 | 1 | 2 |
| Religion | 0 | 5 | 3 | 1 | 35 | 70 | 89.60 | 1 | 2 |
| Fine Arts - Other Fine Arts | 0 | 3 | 0 | 1 | 30 | 57 | 95.00 | 0 | 2 |
| Fine Arts - Classical Music | 0 | 3 | 1 | 0 | 25 | 56 | 85.00 | 1 | 3 |
| Literature - British Literature | 0 | 2 | 0 | 0 | 20 | 89 | 89.50 | 0 | 1 |
| Mythology | 0 | 1 | 0 | 0 | 10 | 85 | 85.00 | 0 | 1 |
| Other Academic | 0 | 1 | 0 | 0 | 10 | 68 | 68.00 | 0 | 1 |
| Fine Arts - Visual Fine Arts | 0 | 1 | 0 | 1 | 10 | 123 | 123.00 | 0 | 0 |
| Literature - American Literature | 0 | 1 | 1 | 1 | 5 | 140 | 140.00 | 1 | 1 |
| Literature - World/Other Literature | 0 | 1 | 1 | 0 | 5 | 76 | 76.00 | 0 | 0 |
| Pop Culture | 0 | 0 | 0 | 0 | 0 | 0.00 | 0 | 0 | |
| Science - Biology | 0 | 0 | 1 | 0 | -5 | 0.00 | 0 | 0 | |
| Philosophy | 0 | 0 | 2 | 0 | -10 | 0.00 | 0 | 0 |